Por no esplicarse [sic]... (Record no. 160521)

MARC details
000 -LEADER
campo de control de longitud fija 01172nam a22002055i 4500
001 - NÚMERO DE CONTROL
campo de control 160521
003 - IDENTIFICADOR DE NÚMERO DE CONTROL
campo de control ES-MaACL
005 - FECHA Y HORA DE LA ÚLTIMA TRANSACCIÓN
campo de control 20250824064419.0
008 - DATOS DE LONGITUD FIJA--INFORMACIÓN GENERAL
campo de control de longitud fija 000203s1847 sp |||| | spa d
040 ## - FUENTE DE CATALOGACIÓN
Centro catalogador/agencia de origen CAM
Lengua de catalogación spa
Centro/agencia transcriptor CAM
100 1# - ENTRADA PRINCIPAL--NOMBRE DE PERSONA
Nombre de persona Navarrete, Ramón de,
Fechas asociadas al nombre 1818-1897
9 (RLIN) 85042
245 10 - MENCIÓN DEL TÍTULO
Título Por no esplicarse [sic]...
Resto del título : comedia en un acto /
Mención de responsabilidad, etc. arreglada á la escena española por Ramón de Navarrete.
260 ## - PUBLICACIÓN, DISTRIBUCIÓN, ETC.
Lugar de publicación, distribución, etc. Madrid :
Nombre del editor, distribuidor, etc. [Manuel Delgado :
-- Librerías de Cuesta y Ríos],
Fecha de publicación, distribución, etc. 1847 (
Fabricante Imprenta de Repullés)
300 ## - DESCRIPCIÓN FÍSICA
Extensión 31 p. ;
Dimensiones 17 cm.
490 1# - MENCIÓN DE SERIE
Mención de serie Galeria dramática: colección de las mejores obras del teatro antiguo y moderno español y del estrangero
500 ## - NOTA GENERAL
Nota general En port.: Estrenada en el Teatro del Príncipe, y á beneficio de Doña Matilde Diez, el 17 de diciembre de 1846.
830 00 - PUNTO DE ACCESO ADICIONAL DE SERIE-TÍTULO UNIFORME
Título uniforme Galería dramática: colección de las mejores obras del teatro antiguo y moderno español y estrangero por los principales autores
9 (RLIN) 242028
852 ## - LOCALIZACIÓN
Ubicación ES-MaACL
Número de control de estantería F-8642(3)
Nota libre -- Enc. hol.
condición física -- Falto de la cub. original
Nota libre -- Enc. en un vol. facticio formando parte de la col. facticia "Teatro español moderno" v. 99
Holdings
Estatus retirado Estado de pérdida Estado de daño No para préstamo Colección Biblioteca de origen Biblioteca actual Ubicación en estantería Fecha de adquisición Total de préstamos Signatura topográfica completa Código de barras Visto por última vez Precio de reemplazo Tipo de ítem Koha
        Libros del s. XIX Biblioteca del Ateneo de Madrid Biblioteca del Ateneo de Madrid Sala Pecera Planta 2 17/01/2008   F-8642(3) 1168076 23/02/2023 23/02/2023 Libro impreso antiguo